00502nam a2200169 a 450000100060000000300090000600800410001502000150005604000280007108200180009910000290011724500900014626000310023630000100026765000270027765000280030419624CO-ViMGA141112s2004 ck r 000 u spa d a9682447593 aCO-ViMGAbspacCO-ViMGA04a371.425 T767c1 aTrotter Martinez, Monica10aComo ayudar a sus hijos en la elección de carrera : bGuía para padres y maestros aMexico : bTrillas, c1999 a111 p14aENSEÑANZA VOCACIONAL14aORIENTACION PROFESIONAL